000 00471nab a2200145Ia 4500
003 ES-SlBCS
005 20210601141250.0
008 140529s1998 xxu||||| |||| 00| 0 spa d
041 _aspa
100 1 _aKohan, Walter O.
_9253845
245 0 0 _aFilosofía de la educación: a la busca de nuevos sentidos
_c Walter O. Kohan
650 0 4 _aFilosofía de la Educación
_9129602
773 0 _tEducaçao e Filosofia
_gvol. 12, nº. 24, 1998, págs. 91-121
_wRev1534
942 _cAR
999 _c657926
_d657926